Normal view
MARC view
- Peebles, Peyton J
Entry Personal Name
001 - CONTROL NUMBER
- control field: 103762
003 - CONTROL NUMBER IDENTIFIER
- control field: NUST
005 - DATE AND TIME OF LATEST TRANSACTION
- control field: 20221129112220.0
008 - FIXED-LENGTH DATA ELEMENTS
- fixed length control field: 221129|| aca||aabn | a|a d
040 ## - CATALOGING SOURCE
- Original cataloging agency: NUST
- Transcribing agency: NUST
100 ## - HEADING--PERSONAL NAME
- Personal name: Peebles, Peyton J
670 ## - SOURCE DATA FOUND
- Source citation: Work cat.: (NUST)208643: Peebles, Peyton J., Problems and solutions in probability, random variables and random signal principles, 2013.
